Trojlístek pohádek

Bibliographic Details
Format: Book
Language:Undetermined
PhysicalDescription:100 s.
Published: Praha Orbis 1963

MARC

LEADER 00000nam a2200000 a 4500
001 vtls001414311
003 SK-MaSNL
005 20260224112829.0
008 210928s1963 xx 0 und
035 |a SNK000369034 
040 |a SNK  |b slo  |c SNK  |e AACR2 
245 1 |a Trojlístek pohádek 
260 |a Praha  |b Orbis  |c 1963 
300 |a 100 s. 
958 |a OND 
999 |c 984092  |d 986022 
952 |t P60, <05>, [BOOK], {605}  |a SNK  |b SNK  |y PREZ  |7 0  |p 17A0301267  |o snkID 34139  |0 0  |1 0  |4 0  |d 2001-06-01  |l 0  |r 2005-01-02 00:00:00  |w 2026-02-24